| 000 | 00668nam a2200193 4500 | ||
|---|---|---|---|
| 008 | 170516b xxu||||| |||| 00| 0 eng d | ||
| 020 | _a1-85898-208-1 | ||
| 082 |
_21995 _aDC 332.4 _bM49 |
||
| 100 |
_920836 _aMeltzer, Allan H |
||
| 245 |
_aMoney, credit, and policy / _cAllan H. Meltzer |
||
| 260 |
_aAldershot, Hants, England ; _bEdward Elgar Publishing Limited, _cc1995. |
||
| 300 |
_axxvii, 411 pages : _billustrations ; _c25 cm |
||
| 440 |
_920837 _aEconomists of the twentieth century |
||
| 500 | _aIncludes bibliographical references and index. | ||
| 650 | 0 |
_920838 _aMoney |
|
| 650 | 0 |
_920839 _aCredit |
|
| 650 | 0 |
_920841 _aMonetary policy |
|
| 942 |
_2ddc _cDC |
||
| 999 |
_c6888 _d6888 |
||